000 01047cam a2200289 i 4500
001 18280
003 DO-SdUEMH
005 20251226154742.0
007 ta
008 251226b2012 mx a|||gri||| 001 0 spa d
020 _a9786074481600
040 _aDO-SdUEMH
_bspa
_erda
041 _aspa
_heng
082 1 4 _mCG
_bG878p
100 _eaut
245 1 0 _aPsicología: la ciencia de la mente y la conducta /
_cRichard D. Gross ; traducción: María Elena Ortiz Salinas
246 _b2012
250 _aQuinta edición
264 0 1 _aMexico, D.F. :
_bEl manual moderno,
_c2012
300 _aix, 738 paginas :
_bIlustraciones ;
_c27 cm
336 _2rdacontent
_atexto
_btxt
337 _2rdamedia
_asin mediación
_bn
338 _2rdacarrier
_avolumen
_bnc
504 _aBibliografías al final de los capítulos
505 2 _aNaturaleza y alcance de la psicología -- Bases biológicas de la conducta y la experiencia -- psicología cognitiva -- psicología del desarrollo -- Diferencias individuales -- Tópicos y debates.
942 _2ddc
_n0
_cBK
999 _c18280
_d18280